An Egyptian Mummy of the Late Old Kingdom in the Michael C. Carlos Museum, Emory University /

This article discusses the history, importance, and conservation treatment of an Egyptian Old Kingdom mummy, purchased from the site of Abydos in 1920. It is the oldest, substantially intact, mummy of this date in the Americas.

محفوظ في:

المؤلف الرئيسي: Lacovara, Peter.

مؤلفون آخرون: Brier, Bob., Ikram, Salima., Leveque, Margaret., Stein, Renée.

التنسيق: كتاب

اللغة: Undetermined

الوصول للمادة أونلاين: Login to view Source

الوسوم: إضافة وسم

لا توجد وسوم, كن أول من يضع وسما على هذه التسجيلة!

رقم الطلب:

LEADER 00823nam a2200157Ia 4500
008 220712s9999||||xx |||||||||||||| ||und||
100 1 |a Lacovara, Peter. 
245 1 3 |a An Egyptian Mummy of the Late Old Kingdom in the Michael C. Carlos Museum, Emory University /  |c Peter Lacovara. 
520 3 |a This article discusses the history, importance, and conservation treatment of an Egyptian Old Kingdom mummy, purchased from the site of Abydos in 1920. It is the oldest, substantially intact, mummy of this date in the Americas. 
700 1 |a Brier, Bob. 
700 1 |a Ikram, Salima. 
700 1 |a Leveque, Margaret. 
700 1 |a Stein, Renée. 
856 4 |u https://lockwoodonlinejournals.com/index.php/jarce/workflow/access/48 
952 |0 0  |1 0  |4 0  |7 1  |9 42328  |a JARCE  |b JARCE  |d 2022-08-09  |l 0  |r 2022-08-09 00:00:00  |w 2022-08-09  |y PT 
999 |c 49091  |d 49091